logo

Bir Sreshtho Munshi Abdur Rouf Library
Jhenaidah Cadet College

Nicholas Sparks / (Record no. 6009)

MARC details
000 -LEADER
fixed length control field 00590nam a2200241 a 4500
001 - CONTROL NUMBER
JCCL Control Number 6009
003 - CONTROL NUMBER IDENTIFIER
JCCL marc code BD-JhCC
005 - DATE AND TIME OF LATEST TRANSACTION
control field 20220817134023.0
008 - FIXED-LENGTH DATA ELEMENTS--GENERAL INFORMATION
fixed length control field 171231s2010 enk |||| ||a| 000 0 eng d
020 ## - INTERNATIONAL STANDARD BOOK NUMBER
International Standard Book Number 9780757544572
020 ## - INTERNATIONAL STANDARD BOOK NUMBER
International Standard Book Number 9780751544572
035 ## - SYSTEM CONTROL NUMBER
system control number (BD-JhCC) 6009
040 ## - CATALOGING SOURCE
Original cataloging agency BD-JhCC
Modifying agency BD-JhCC
041 ## - LANGUAGE CODE
Language code of Book eng
082 ## - DEWEY DECIMAL CLASSIFICATION NUMBER
Classification number 813.54
Author mark and Year SPA 2010
100 ## - MAIN ENTRY--PERSONAL NAME
Personal name John, Dear
245 ## - TITLE STATEMENT
Title Nicholas Sparks /
Statement of responsibility, etc John, Dear
260 ## - PUBLICATION, DISTRIBUTION, ETC. (IMPRINT)
Place of publication, distribution, etc London :
Name of publisher, distributor, etc sphere ,
Date of publication, distribution, etc 2010
300 ## - PHYSICAL DESCRIPTION
Pagination 353 p .:
Dimensions 17 cm .
650 ## - SUBJECT ADDED ENTRY--TOPICAL TERM
Topical term or geographic name as entry element Romance Fiction, Soldiers
942 ## - ADDED ENTRY ELEMENTS (KOHA)
Source of classification or shelving scheme Dewey Decimal Classification
Koha item type Books
Koha issues (borrowed), all copies 30
Holdings
Source of classification or shelving scheme Damaged status Not for loan Home library Current library Shelving location Date of accession Total Checkouts Full call number Barcode Checked out Date last seen Date checked out Copy number Koha item type
Dewey Decimal Classification     JCC Rouf Library JCC Rouf Library General Stacks 12/31/2017 37 813.54 SPA 2010 8446 08/17/2025 07/23/2025 07/23/2025 C-1 Books

JCC Library | Contacts | JCC Home

Last Update on 23 September 2017
Copyright @ 2017-2020 JCC Rouf Library
Rouf Library, Jhenidah Cadet College (JCC), Bangladesh